Biblioteca

Los reyes de Israel y Judá (Registro nro. 33202)

Detalles MARC
000 -LÍDER
Campo fijo de descripción fija 00762nam a22002417a 4500
001 - NÚMERO DE CONTROL
Campo de control 2235
003 - IDENTIFICADOR DEL NÚMERO DE CONTROL
Campo de control CO-MdFUSB
005 - FECHA Y HORA DE LA ULTIMA TRANSACCIÓN
control field 20170829084741.0
008 - ELEMENTOS DE LONGITUD FIJA -- INFORMACIÓN GENERAL
Campo fijo de descripción fija -- Información general 170829t1986 x ||||| |||| 00| 0 s d
040 ## - FUENTE DE CATALOGACIÓN
Agencia de catalogación original CO-MdFUSB
Idioma de catalogación spa
Agencia que realiza la transcripción CO-MdFUSB
Agencia que realiza la modificación CO-MdFUSBC
Convenciones de la descripción rda
041 0# - CÓDIGO DE IDIOMA
Código de idioma para texto/pista de sonido o título separado spa
082 04 - NÚMERO DE CLASIFICACIÓN DECIMAL DEWEY
Número de clasificación G 222.5 R261r
100 1# - ASIENTO PRINCIPAL--NOMBRE PERSONAL
Nombre personal Rawlinson, Jorge (George) (1812-1902)
Término relacionador autor
245 #4 - TÍTULO
Título del Material Los reyes de Israel y Judá
Mención de responsabilidad, etc. / George Rawlinson ; Sara Hale, Traductor
264 #4 - PRODUCCIÓN, PUBLICACIÓN, DISTRIBUCIÓN, MANUFACTURA, Y COPYRIGHT
Lugar de producción, publicación, distribución, manufactura El Paso, TX., USA :
Nombre del productor, publicador, distribuidor Casa Bautista de Publicaciones,
Fecha de producción, publicación, distribución, manufactura, o copyright ©1939-1986
300 ## - DESCRIPCIÓN FÍSICA
Extensión XIV, 286 Pag
Otros detalles físicos :
Dimensiones ;
336 ## - TIPO DE CONTENIDO
Fuente rdacontent
Término de tipo de contenido
Código de tipo de contenido
337 ## - TIPO DE MEDIO
Fuente rdamedia
Nombre del tipo de medio
Código del tipo de medio
338 ## - TIPO DE SOPORTE
Fuente rdacarrier
Nombre del tipo de soporte
Código Tipo de soporte
650 #7 - ASIENTO SECUNDARIO DE MATERIA - TERMINO TEMÁTICO
Término temático o nombre geográfico como elemento de entrada Judíos
9 (RLIN) 270
Subdivisión general Historia
653 ## - TÉRMINO DE INDIZACIÓN - NO CONTROLADO
Término no controlado Judíos - Historia - Hasta 586 A.C.
942 ## - TIPO DE MATERIAL (KOHA)
Tipo de Item KOHA Libros General
Existencias
Estado de Material Estado de Perdido Estado de Dañado No para Préstamo Colección Tomo Biblioteca de Origen Biblioteca Permanente Fecha de Adquisición Total de Préstamos Total de Renovaciones Signatura Topográfica Código de Barras Última vez visto Última vez Préstado Ejemplar/Existencia Tipo de Material
        Colección General   Biblioteca FUSBC Biblioteca FUSBC 16/11/2004 10 2 G 222.5 R261r 1431 05/04/2025 01/03/2025 1 Libros General
        Colección General   Biblioteca FUSBC Biblioteca FUSBC 16/11/2004 5 7 G 222.5 R261r 1747 10/08/2024 27/02/2024 2 Libros General

Biblioteca FUSBC | Teléfono: (57+4) 349 88 10 Ext. 141| WhatsApp (+57) 3005338115 
E-mail: biblioteca@unisbc.edu.co | Calle 76 87-14 Robledo Palenque, Medellín, Colombia

Con tecnología Koha